000 00542nam a2200241 a 4500
001 nice12345678
003 IN_TiNIC
005 20260116011447.0
008 050524s1913 cala grp 000 0 eng
020 _a
_c100
082 0 0 _a239
_bTAK1
100 _aTakle, John
245 _aFaith of the Crescent
260 _aCalcutta
_bYMCA
_c1913
300 _a188p
500 _aincludes index and biblioraphy
505 2 _aindex
650 _aApologetics
700 1 _aTakle, John
902 _bSRS
942 _cBK
999 _c1734
_d1734